[Event "SVK-chT3B2 1819"]
[Site "Slovakia"]
[Date "2018.12.09"]
[Round "4.8"]
[White "Rachler, Lubomir"]
[Black "Zabka, Andrej"]
[Result "0-1"]
[WhiteElo "1135"]
[BlackElo "1405"]
[PlyCount "68"]
[EventDate "2018.10.21"]
[EventType "team-tourn"]
[EventRounds "11"]
[EventCountry "SVK"]
[SourceTitle "CBM 189 Extra"]
[Source "ChessBase"]
[SourceDate "2019.06.03"]
[SourceVersion "1"]
[SourceVersionDate "2019.06.03"]
[SourceQuality "1"]
[WhiteTeam "Nemsova Horne Srnie"]
[BlackTeam "Handlova"]
[WhiteTeamCountry "SVK"]
[BlackTeamCountry "SVK"]

1. e4 e5 2. Nf3 Nf6 3. Nc3 Nc6 4. Bb5 d6 5. Bxc6+ bxc6 6. 0-0 Be7 7. d3 h6 8. h3 0-0 9. Re1 c5 10. Bd2 Be6 11. b3 Nh7 12. Nd5 Bxd5 13. exd5 f5 14. Kh1 Bf6 15. Rb1 Qd7 16. a3 Rae8 17. Be3 f4 18. Bd2 Qf7 19. c4 Qg6 20. Ba5 Bd8 21. Bc3 Ng5 22. Nxg5 Bxg5 23. Qf3 Qf5 24. b4 cxb4 25. Rxb4 Rb8 26. Reb1 Rb6 27. a4 Rfb8 28. Rxb6 Rxb6 29. Rxb6 axb6 30. a5 bxa5 31. Bxa5 Qc8 32. Qe2 Qb7 33. Bd2 Qb2 34. Kg1 f3 0-1

[Event "SVK-chT3B2 1718"]
[Site "Slovakia"]
[Date "2017.10.08"]
[Round "1.8"]
[White "Zabka, Andrej"]
[Black "Cesnek, Peter"]
[Result "0-1"]
[WhiteElo "1000"]
[BlackElo "1674"]
[PlyCount "61"]
[EventDate "2017.10.08"]
[EventType "team-tourn"]
[EventRounds "11"]
[EventCountry "SVK"]
[SourceTitle "EXT 2019"]
[Source "ChessBase"]
[SourceDate "2018.10.10"]
[SourceVersion "1"]
[SourceVersionDate "2018.10.10"]
[SourceQuality "1"]
[WhiteTeam "Handlova"]
[BlackTeam "Povazska Bystrica Sparta II"]
[WhiteTeamCountry "SVK"]
[BlackTeamCountry "SVK"]

1. Nf3 Nc6 2. d4 d5 3. g3 Bg4 4. Bg2 e6 5. h3 Bh5 6. c3 h6 7. Qb3 b6 8. Nbd2 Bd6 9. e4 Na5 10. Qa4+ Qd7 11. Qxd7+ Kxd7 12. b4 Nb7 13. exd5 exd5 14. 0-0 c6 15. g4 Bg6 16. Ne5+ Bxe5 17. dxe5 Re8 18. f4 Bd3 19. Re1 f6 20. Nf3 Be4 21. c4 Bxf3 22. Bxf3 dxc4 23. Bb2 b5 24. Rad1+ Kc7 25. e6 Nd6 26. Bd4 Ne7 27. Bc5 Nec8 28. f5 Re7 29. Rd4 Rd8 30. Red1 Ree8 31. Be2 0-1